| 000 | 00648nam a22001937a 4500 | ||
|---|---|---|---|
| 005 | 20240214172639.0 | ||
| 010 | _aENG-139245 | ||
| 020 |
_c740.00 _a9788119847839 |
||
| 035 | _aEN-122777 | ||
| 037 | _bDBAD/PUB | ||
| 082 |
_a510 _212 |
||
| 245 |
_aPearson IIT Foundation: _bMahtematics/ |
||
| 250 | _a12 | ||
| 260 |
_aUttar Pradesh _bPearson India Education Pvt Ltd _c2024 |
||
| 270 |
_bUttar Pradesh _a15th FLoor, Tower-B, World Trade Tower, Plot No.1, Block- C, Sector-16, Noida _e201301 |
||
| 300 |
_avpp. _c28cm(pb) _bIndex |
||
| 500 | _aAs Per CBSE, ICSE and State Curriculam Guidelines | ||
| 942 |
_2ddc _cEN _h510 _mIIT _e12 |
||
| 999 |
_c200749 _d200749 |
||